[Event "Bled op 19th"]
[Site "Bled"]
[Date "1998.??.??"]
[Round "2"]
[White "Grosar, Kiti"]
[Black "Skudnov, Sergej"]
[Result "1/2-1/2"]
[WhiteElo "2225"]
[BlackElo "2395"]
[PlyCount "97"]
[EventDate "1998.03.21"]
[EventType "swiss"]
[EventRounds "9"]
[EventCountry "SLO"]
[SourceTitle "EXT 1999"]
[Source "ChessBase"]
[SourceDate "1998.11.16"]
[SourceVersion "1"]
[SourceVersionDate "1998.11.16"]
[SourceQuality "1"]

1. e4 c5 2. Nf3 e6 3. c3 d5 4. e5 Bd7 5. d4 Qb6 6. a3 Ne7 7. b4 cxd4 8. cxd4 Bb5 9. Bxb5+ Qxb5 10. Nc3 Qd7 11. Qd3 h5 12. Bg5 Nbc6 13. 0-0 Nc8 14. Nd2 Nb6 15. Rab1 Be7 16. Bxe7 Nxe7 17. Rfc1 0-0 18. Ne2 Rfc8 19. h3 Rxc1+ 20. Rxc1 Rc8 21. g4 Rxc1+ 22. Nxc1 hxg4 23. hxg4 Qa4 24. Qb3 Nc6 25. Qxa4 Nxa4 26. Ndb3 Nc3 27. Kf1 Nb5 28. a4 Nbxd4 29. b5 Nxb5 30. axb5 Nxe5 31. Na5 a6 32. bxa6 bxa6 33. Ncb3 Nxg4 34. Nc5 g5 35. Nxa6 Ne5 36. Nb3 Kg7 37. Nc7 Nd3 38. Nd2 Nf4 39. f3 f5 40. Kf2 Kf6 41. Nb5 Nd3+ 42. Ke3 Ne5 43. Ke2 Nc6 44. Ke3 e5 45. Ke2 Ne7 46. Nc7 e4 47. Nxd5+ Nxd5 48. fxe4 Nc3+ 49. Kd3 1/2-1/2

[Event "Bled op 19th"]
[Site "Bled"]
[Date "1998.??.??"]
[Round "4"]
[White "Taggatz, Mario"]
[Black "Skudnov, Sergej"]
[Result "1/2-1/2"]
[WhiteElo "2220"]
[BlackElo "2395"]
[PlyCount "34"]
[EventDate "1998.03.21"]
[EventType "swiss"]
[EventRounds "9"]
[EventCountry "SLO"]
[SourceTitle "EXT 1999"]
[Source "ChessBase"]
[SourceDate "1998.11.16"]
[SourceVersion "1"]
[SourceVersionDate "1998.11.16"]
[SourceQuality "1"]

1. d4 d5 2. c4 e6 3. Nc3 c6 4. Nf3 Nf6 5. Bg5 h6 6. Bxf6 Qxf6 7. e3 Nd7 8. a3 Qd8 9. e4 dxc4 10. Bxc4 a6 11. 0-0 Be7 12. Qe2 b5 13. Ba2 Bb7 14. Rfd1 0-0 15. Rac1 Re8 16. e5 Qb6 17. Qc2 Red8 1/2-1/2

[Event "RUS-chT 01st"]
[Site "Podolsk"]
[Date "1992.??.??"]
[Round "?"]
[White "Skudnov, Sergej"]
[Black "Kharlov, Andrei"]
[Result "1/2-1/2"]
[WhiteElo "2380"]
[BlackElo "2545"]
[PlyCount "101"]
[EventDate "1992.??.??"]
[EventType "team"]
[EventRounds "12"]
[EventCountry "RUS"]
[SourceTitle "EXT 2020"]
[Source "ChessBase"]
[SourceDate "2019.10.17"]
[SourceVersion "1"]
[SourceVersionDate "2019.10.17"]
[SourceQuality "1"]
[WhiteTeam "Cheliabinsk Poliot"]
[BlackTeam "Kemerovo Kuzbass"]
[WhiteTeamCountry "RUS"]
[BlackTeamCountry "RUS"]

1. d4 d6 2. c4 f5 3. Nc3 Nf6 4. g3 g6 5. Bg2 Bg7 6. e3 0-0 7. Nge2 e5 8. 0-0 Nc6 9. dxe5 Nxe5 10. b3 c6 11. Ba3 Nf7 12. Qc2 Qa5 13. Bb2 Bd7 14. a3 a6 15. Rad1 b5 16. b4 Qb6 17. Nb1 bxc4 18. Nd2 Ne5 19. Bxe5 dxe5 20. Nxc4 Qc7 21. Na5 e4 22. Nd4 Kh8 23. Rd2 Ng4 24. Rc1 Ne5 25. Naxc6 Nd3 26. Rxd3 exd3 27. Qxd3 Qd6 28. Qc4 Rfc8 29. a4 Bxc6 30. Bxc6 Rab8 31. b5 axb5 32. axb5 Bf6 33. Ra1 Rc7 34. Ra6 Rbc8 35. Kg2 Re7 36. Qa4 Qc5 37. Ne2 Be5 38. Nf4 Bxf4 39. Qxf4 Kg7 40. Qa4 h5 41. Qd4+ Qe5 42. h4 Kh7 43. Qxe5 Rxe5 44. Ra7+ Kh6 45. Kf3 Rc5 46. Kf4 Rd8 47. Rd7 Rxd7 48. Bxd7 Kg7 49. f3 Kf6 50. e4 Rc4 51. Bc6 1/2-1/2

[Event "RUS-chT 01st"]
[Site "Podolsk"]
[Date "1992.??.??"]
[Round "?"]
[White "Skudnov, Sergej"]
[Black "Polovodin, Igor A"]
[Result "0-1"]
[WhiteElo "2380"]
[BlackElo "2460"]
[PlyCount "80"]
[EventDate "1992.??.??"]
[EventType "team"]
[EventRounds "12"]
[EventCountry "RUS"]
[SourceTitle "EXT 2020"]
[Source "ChessBase"]
[SourceDate "2019.10.17"]
[SourceVersion "1"]
[SourceVersionDate "2019.10.17"]
[SourceQuality "1"]
[WhiteTeam "Cheliabinsk Poliot"]
[WhiteTeamCountry "RUS"]

1. d4 Nf6 2. c4 e6 3. Nc3 d5 4. cxd5 exd5 5. Bg5 Be7 6. e3 0-0 7. Bd3 Nbd7 8. Nf3 Re8 9. 0-0 c6 10. Qc2 Nf8 11. Bxf6 Bxf6 12. b4 a6 13. a4 Bg4 14. Nd2 Be7 15. b5 axb5 16. axb5 Rxa1 17. Rxa1 c5 18. dxc5 Bxc5 19. Nb3 Bd6 20. Nd4 Be5 21. Bf5 Bxf5 22. Nxf5 Qc8 23. Rc1 g6 24. Ne7+ Rxe7 25. Nxd5 Qe6 26. Nxe7+ Qxe7 27. g3 Bd6 28. Qc4 b6 29. Qc6 Bc5 30. Rd1 Kg7 31. Kg2 h6 32. h4 Nh7 33. Rd7 Qe5 34. Rb7 Nf6 35. Ra7 Ng4 36. Ra8 Qb2 37. Qf3 Nxe3+ 38. Kh3 Nf5 39. Ra7 Qxb5 40. h5 Qf1+ 0-1

[Event "RUS-chT 01st"]
[Site "Podolsk"]
[Date "1992.??.??"]
[Round "?"]
[White "Skudnov, Sergej"]
[Black "Varavin, Viktor"]
[Result "1/2-1/2"]
[WhiteElo "2380"]
[BlackElo "2465"]
[PlyCount "111"]
[EventDate "1992.??.??"]
[EventType "team"]
[EventRounds "12"]
[EventCountry "RUS"]
[SourceTitle "EXT 2020"]
[Source "ChessBase"]
[SourceDate "2019.10.17"]
[SourceVersion "1"]
[SourceVersionDate "2019.10.17"]
[SourceQuality "1"]
[WhiteTeam "Cheliabinsk Poliot"]
[WhiteTeamCountry "RUS"]

1. d4 Nf6 2. c4 d6 3. Nc3 g6 4. e4 Bg7 5. Be2 0-0 6. Nf3 e5 7. 0-0 Nbd7 8. Qc2 c6 9. Rd1 Qe7 10. d5 c5 11. Ne1 Ne8 12. Nd3 f5 13. f3 a5 14. exf5 gxf5 15. Nf2 Kh8 16. Bd3 e4 17. fxe4 f4 18. Bf1 Ne5 19. Ne2 Qh4 20. a4 Bg4 21. Ra3 f3 22. Ng3 fxg2 23. Bxg2 Bxd1 24. Nxd1 Ng4 25. Bf3 Bd4+ 26. Kh1 Be5 27. Bxg4 Qxg4 28. Nf2 Qh4 29. Qe2 Nf6 30. Rf3 Nh5 31. Kg2 Rxf3 32. Qxf3 Nxg3 33. hxg3 Bxg3 34. Ng4 Be5 35. Nh6 Qh2+ 36. Kf1 Bg7 37. Nf7+ Kg8 38. Bf4 Qxb2 39. Nxd6 Rf8 40. Nf5 Qb1+ 41. Kg2 Rf7 42. Bd6 Rf6 43. Bxc5 Qc2+ 44. Kh3 Qxc4 45. Bd6 Qc8 46. Qg4 Rxf5 47. Qxf5 Qxf5+ 48. exf5 Bc3 49. Kg4 Kf7 50. Bc5 Kf6 51. d6 h5+ 52. Kxh5 Kxf5 53. d7 Bf6 54. Bb6 Ke6 55. d8Q Bxd8 56. Bxd8 1/2-1/2

[Event "URS Club Cup 2nd final A"]
[Site "Podolsk"]
[Date "1990.03.??"]
[Round "3"]
[White "Glek, Igor Vladimirovich"]
[Black "Skudnov, Sergej"]
[Result "1-0"]
[WhiteElo "2535"]
[BlackElo "2330"]
[PlyCount "80"]
[EventDate "1990.03.??"]
[EventType "team-tourn"]
[EventRounds "4"]
[EventCountry "URS"]
[SourceTitle "EXT 2020"]
[Source "ChessBase"]
[SourceDate "2019.10.17"]
[SourceVersion "1"]
[SourceVersionDate "2019.10.17"]
[SourceQuality "1"]
[WhiteTeam "Moscow Tigran Petrosian"]
[BlackTeam "Cheliabinsk Poliot"]
[WhiteTeamCountry "RUS"]
[BlackTeamCountry "URS"]

1. e4 c5 2. Nf3 e6 3. d4 cxd4 4. Nxd4 Nc6 5. Nc3 d6 6. Be2 Nf6 7. 0-0 Be7 8. Kh1 0-0 9. f4 Qc7 10. Be3 a6 11. a4 Re8 12. Bg1 Nxd4 13. Qxd4 e5 14. Qd3 exf4 15. Rxf4 d5 16. Raf1 dxe4 17. Nxe4 Nxe4 18. Qxe4 Be6 19. Bd3 g6 20. Qf3 Bd6 21. Rh4 Be5 22. Rb4 Re7 23. Be4 Rb8 24. Ba7 Bxh2 25. Bxb8 Qxb8 26. Rxb7 Rxb7 27. Bxb7 Be5 28. Bd5 Bf5 29. Re1 Qxb2 30. g4 Be6 31. Bxe6 fxe6 32. Qe4 Bf6 33. g5 Bxg5 34. Qxe6+ Kg7 35. Qe5+ Qxe5 36. Rxe5 Bd2 37. Re7+ Kf6 38. Rxh7 Ke5 39. Kg2 a5 40. Kf3 Kd5 1-0

[Event "URS Club Cup 2nd Group1"]
[Site "Podolsk"]
[Date "1990.03.??"]
[Round "?"]
[White "Makarov, Marat"]
[Black "Skudnov, Sergej"]
[Result "1/2-1/2"]
[WhiteElo "2480"]
[BlackElo "2330"]
[PlyCount "101"]
[EventDate "1990.03.??"]
[EventType "team-tourn"]
[EventRounds "6"]
[EventCountry "URS"]
[SourceTitle "EXT 2020"]
[Source "ChessBase"]
[SourceDate "2019.10.17"]
[SourceVersion "1"]
[SourceVersionDate "2019.10.17"]
[SourceQuality "1"]
[WhiteTeam "Novosibirsk Vektor"]
[BlackTeam "Cheliabinsk Poliot"]
[WhiteTeamCountry "URS"]
[BlackTeamCountry "URS"]

1. c4 e6 2. g3 d5 3. Bg2 Nf6 4. Nf3 dxc4 5. Qa4+ Nbd7 6. Qxc4 c5 7. d3 a6 8. Qb3 Ra7 9. a4 b6 10. Na3 Bd6 11. Nc4 Bc7 12. 0-0 Bb7 13. Bd2 Nd5 14. e4 Ne7 15. Bc3 0-0 16. Qc2 Qa8 17. b4 Nc6 18. bxc5 Nxc5 19. d4 b5 20. dxc5 bxc4 21. Qb2 e5 22. Nd2 a5 23. Nxc4 Ba6 24. Qa2 Nb4 25. Bxb4 axb4 26. Rfc1 Bb5 27. Nb6 Bxb6 28. cxb6 Rxa4 29. Qb2 b3 30. Qxe5 Rxa1 31. Rxa1 Qc6 32. Qd4 Qc2 33. Bf1 b2 34. Bxb5 b1Q+ 35. Rxb1 Qxb1+ 36. Bf1 Rb8 37. Kg2 Qxb6 38. Qxb6 Rxb6 39. Bc4 Rc6 40. Bd5 Rc3 41. h4 Kf8 42. f4 f6 43. Kf2 Ke7 44. Bg8 h6 45. Bh7 Kf7 46. Bf5 Ke7 47. Bg6 Kd6 48. Bf5 Ra3 49. Bg6 Kc5 50. Bf5 Kd4 51. Bg6 1/2-1/2

[Event "URS Club Cup 2nd Group1"]
[Site "Podolsk"]
[Date "1990.03.??"]
[Round "?"]
[White "Skudnov, Sergej"]
[Black "Kovalev, Andrei"]
[Result "1/2-1/2"]
[WhiteElo "2330"]
[BlackElo "2500"]
[PlyCount "179"]
[EventDate "1990.03.??"]
[EventType "team-tourn"]
[EventRounds "6"]
[EventCountry "URS"]
[SourceTitle "EXT 2020"]
[Source "ChessBase"]
[SourceDate "2019.10.17"]
[SourceVersion "1"]
[SourceVersionDate "2019.10.17"]
[SourceQuality "1"]
[WhiteTeam "Cheliabinsk Poliot"]
[BlackTeam "Moscow CSKA"]
[WhiteTeamCountry "URS"]
[BlackTeamCountry "URS"]

1. d4 Nf6 2. c4 g6 3. Nc3 Bg7 4. e4 d6 5. Nf3 0-0 6. Be2 Nbd7 7. 0-0 e5 8. Qc2 c6 9. Rd1 Qe7 10. Rb1 a5 11. b3 h6 12. Bf1 Re8 13. dxe5 dxe5 14. h3 Nh5 15. g3 Bf8 16. Na4 Qf6 17. Qe2 Qg7 18. Nh2 Nhf6 19. Bg2 b5 20. cxb5 cxb5 21. Qxb5 Ba6 22. Qxa5 Be2 23. Qe1 Bxd1 24. Qxd1 Nc5 25. Nxc5 Bxc5 26. b4 Reb8 27. a3 Bf8 28. Nf1 Ne8 29. Ne3 Nc7 30. Ng4 h5 31. Qd7 hxg4 32. Qxc7 Rc8 33. Qb7 Rab8 34. Qa6 Rc2 35. Be3 gxh3 36. Bxh3 Ra2 37. Bf1 Be7 38. Bc4 Rc2 39. Bd5 Rc3 40. Rb3 Rxb3 41. Bxb3 Qf6 42. Qxf6 Bxf6 43. Bc5 Bg7 44. Kf1 Bf8 45. Be3 Ra8 46. b5 Rxa3 47. Bd5 Bd6 48. b6 Kg7 49. g4 f6 50. b7 Ra5 51. Bb6 Ra6 52. Be3 Ra5 53. Bb6 Ra6 54. Be3 Bb8 55. Ke2 Ra1 56. Kd3 Kf8 57. Bc5+ Ke8 58. Bc6+ Kd8 59. Bb6+ Ke7 60. Bc5+ Ke6 61. Kc4 Rb1 62. Be3 Rg1 63. Bd5+ Kd7 64. Kb5 Rb1+ 65. Kc4 Rb2 66. Kc3 Rb1 67. Kc4 Kc7 68. g5 fxg5 69. Bxg5 Ba7 70. Bh4 Kd6 71. Kc3 Rh1 72. Bg3 g5 73. Kd2 Ra1 74. Ke2 Ra3 75. Kf1 Rf3 76. Kg2 g4 77. Bc4 Rf8 78. Bd5 Bd4 79. Bc4 Rb8 80. Bd5 Rf8 81. Bc4 Kc6 82. Bd5+ Kc7 83. Bh4 Bc5 84. Bg3 Bd6 85. Bh4 Rf3 86. Bg3 Rc3 87. Bh4 Kd7 88. Bg5 Kc7 89. Be3 Bc5 90. Kg3 1/2-1/2